| 000 | 00516nam a22001817a 4500 | ||
|---|---|---|---|
| 020 | _a0333902980 | ||
| 020 | _a9780333908981 | ||
| 082 |
_a954.1 _bMAJ _cN-01, P-155 |
||
| 100 |
_aR. C. Majumdar _946469 |
||
| 245 |
_aAn Advanced History of India _cR. C. Majumdar |
||
| 250 | _aFourth Edition | ||
| 260 |
_aIndia, New Delhi _bMacmillan India Ltd |
||
| 300 | _axiv, 1149 P, : | ||
| 526 |
_a0 _b0 _c0 _d954_100000000000000_MAJ |
||
| 526 |
_a0 _b0 _c0 _d954_100000000000000_MAJ |
||
| 650 |
_aMCE _9379 |
||
| 942 |
_2ddc _cBK |
||
| 999 |
_c549806 _d549806 |
||